000 00370 a2200169 4500
001 73173
020 _a8508080107
040 _cAnchieta - Colégio São Paulo
100 _aSilva, Eduardo Roberto da
240 1 0 _aQuímica
_lpor
245 1 0 _aQuímica
300 _a392
362 0 _a2001
440 1 _aÁtica
650 4 _aQuímica e ciências afins
942 _cBK
999 _c73173
_d73173